Carregando...

Networks of outrage and hope: Social movements in the internet age

Detalhes bibliográficos
Autor principal: Manuel Castells
Formato: Printed Book
Publicado em: UK Polity press 2012
Assuntos:
LEADER 00543nam a22001337a 4500
020 |a 9780745662855 
082 |a 303.484  |b CAS.N 
100 |a Manuel Castells 
245 |a Networks of outrage and hope: Social movements in the internet age 
260 |a UK  |b Polity press  |c 2012 
650 |a Social movements in internet age  |a Revolutions: Egyptian and world wide areas  |a Arab uprisings 
942 |c BK 
999 |c 1040  |d 1040 
952 |0 0  |1 0  |4 0  |6 303_484000000000000_CAS_N  |7 0  |8 NFIC  |9 1029  |a CAMPUS  |b CAMPUS  |d 2014-12-23  |l 0  |o 303.484 CAS.N  |p 16579  |r 2014-12-23  |w 2014-12-23  |y BK